000 08636nam a22021254i 4500
003 PE-LiUPU
005 20250813165339.0
008 150925s2014 mx a r 001 0 spa d
020 _a6075195076
020 _a9786075195070
035 _a(Sirsi) i9786075195070
040 _aPE-LiUPU
_bspa
_cPE-LiUPU
_dPE-LiUPU
_erda
041 1 _aspa
_heng
049 _aPRUA
082 0 4 _a624.171
_bK24
_220
100 1 _aKassimali, Aslam,
_eautor.
245 1 0 _aAnálisis estructural /
_cAslam Kassimali ; traducción Alberto Alejandro Andrade Galán ; revisión técnica Juan Felipe Heredia Mellado.
250 _aQuinta edición.
264 1 _aMéxico :
_bCENGAGE Learning,
_c2014.
300 _aXIV, 802 páginas :
_bilustraciones ;
_c27 centímetros
336 _atext
_2rdacontent
337 _aunmediated
_2rdamedia
338 _avolume
_2rdacarrier
504 _aÍndice : páginas 789-802.
505 _aIntroducción al análisis estructural y a las cargas -- Introducción al análisis estructural -- Cargas en las estructuras -- Análisis de estructuras estáticamente determinadas -- Equilibrios y reacciones en los apoyos -- Armaduras planas y espaciales -- Vigas y marcos: cortante y momento flexionante -- deflexiones en vigas: métodos geométricos -- deflexiones en armaduras, vigas y marcos: métodos energéticos (Trabajo y Energía) -- Líneas de influencia -- Aplicación de líneas de influencia -- Análisis de estructuras simétricas -- Introducción a las estructuras hiperestáticas (indeterminadas) -- Introducción a las estructuras hiperestáticas -- Análisis aproximado de marcos rectangulares de edificios -- Métodos de las deformaciones consistentes-método de las fuerzas -- Líneas de influencia para estructuras estáticamente indeterminadas -- Método de la Pendiente-Deflexión -- Método de la distribución de momentos (Método de Cross) -- Introducción al análisis estructural matricial -- Áreas y centroides de formas geométricas -- Repaso de álgebra de matrices -- Ecuación de tres momentos.
526 _aP203
526 _aP200
526 _aSEG65
526 _aSEG64
526 _aSEG63
526 _aSEG62
526 _aSEG61
526 _aSEG60
526 _aSEG59
526 _aSEG58
526 _aSEG57
526 _aSEG56
526 _aSEG55
526 _aSEG54
526 _aSEG53
526 _aSEG52
526 _aSEG51
526 _aSEG50
526 _aSEG49
526 _aSEG48
526 _aSEG47
526 _aSEG46
526 _aSEG24
526 _aSEG23
526 _aSEG22
526 _aSEG21
526 _aSEG20
526 _aSEG19
526 _aSEG18
526 _aSEG17
526 _aSEG16
526 _aSEG14
526 _aSEG13
526 _aSEG12
526 _aSEG11
526 _aSEG10
526 _aSEG09
526 _aSEG06
526 _aSEG05
526 _aSEG04
526 _aSEG03
526 _aSEG02
526 _aSEG68
526 _aSEG66
526 _aSEG45
526 _aSEG25
526 _aSEG01
526 _aP163
526 _aP162
526 _aP161
526 _aP160
526 _aP159
526 _aP158
526 _aP157
526 _aP156
526 _aP155
526 _aP154
526 _aP153
526 _aP152
526 _aP151
526 _aP150
526 _aP149
526 _aP142
526 _aP141
526 _aP140
526 _aP139
526 _aP138
526 _aP137
526 _aP132
526 _aP131
526 _aP130
526 _aP126
526 _aP125
526 _aP124
526 _aP123
526 _aP115
526 _aP122
526 _aP121
526 _aP116
526 _a P114
526 _aP112
526 _aP111
526 _aP104
526 _aP103
526 _aP102
526 _aP101
526 _aP100
526 _aP96
526 _aP95
526 _aP93
526 _aP92
526 _aP91
526 _aP88
526 _aP83
526 _aP82
526 _aP79
526 _aP78
526 _aP75
526 _aP74
526 _aP71
526 _aP69
526 _a P51
526 _aP49
526 _aP48
526 _aP47
526 _aP33
526 _aP31
526 _a P30
526 _aP29
526 _aP27
526 _aP26
526 _aP25
526 _aP24
526 _a P22
526 _aP10
526 _aP09
526 _a P08
526 _aP06
526 _aP05
526 _aP04
526 _aP01
534 _pTítulo original :
_tStructural analysis.
541 _g044-0022970;
541 _g0020-0000889;
541 _g001-0000119;
541 _gF001-0000833;
650 1 4 _aAnálisis estructural (Ingeniería).
_9127
650 2 4 _aDiseño de estructuras.
_9156
700 1 _aAndrade Galán, Alberto Alejandro,
_etraductor.
700 1 _aHeredia Mellado, Juan Felipe,
_erevisión técnica.
910 _jck
_bhop
_chop
_d20160517
910 _adbm
_bcsm
_ccsm
_d20180710
910 _armch
_bwelc
_cwelc
_d20190208
942 _2ddc
_cBOOK
949 _a624.171 K24
_wDEWEY
_c1
_i72998
_d2016-10-9
_e2016-10-6
_lCCODEBUL1
_mBUL
_n8
_p46.71
_r0
_sY
_tBOOK
_u2016-5-17
_xINGENIERIA
_PP25
_0COMPRA
_o.STAFF. Colección General
949 _a624.171 K24
_wDEWEY
_c1
_iFJ00415
_lCCODEBUJ1
_mBUJ
_p71.50
_r0
_sY
_tBOOK
_u2016-6-14
_xINGENIERIA
_PP25
_0COMPRA
_o.STAFF. Colección General Juliaca
949 _a624.171 K24 2015
_wDEWEY
_c1
_iFJ06772
_lCCODEBUJ1
_mBUJ
_p64.00
_r0
_sY
_tBOOK
_u2016-05-22
_xINGENIERIA
_PP25
_0COMPRA
_o.STAFF. Colección General Juliaca
949 _a624.171 K24 2015
_wDEWEY
_c2
_iFJ12626
_lCCODEBUJ1
_mBUJ
_p48.19
_r0
_sY
_tBOOK
_u2019-02-08
_xINGENIERIA
_PP25
_0COMPRA
_o.STAFF. Colección General Juliaca
949 _a624.171 K24
_wDEWEY
_c2
_i72999
_d2016-9-18
_e2016-9-18
_lCCODEBUL1
_mBUL
_n6
_p46.71
_r0
_sY
_tBOOK
_u2016-5-17
_xINGENIERIA
_PP25
_0COMPRA
_o.STAFF. Colección General
949 _a624.171 K24
_wDEWEY
_c3
_i73150
_d2016-11-29
_e2016-11-29
_lCCODEBUL1
_mBUL
_n10
_p46.71
_r0
_sY
_tBOOK
_u2016-5-17
_xINGENIERIA
_PP25
_0COMPRA
_o.STAFF. Colección General
949 _a624.171 K24
_wDEWEY
_c4
_i74035
_lCCODEBUL1
_mBUL
_p59.52
_r0
_sY
_tBOOK
_u2016-7-14
_xINGENIERIA
_PP25
_0COMPRA
_o.STAFF. Colección General
994 _aC0
_bPEPRU
596 _a1 3
999 _a624.171 K24
_wDEWEY
_c9376
_i72998
_d9376
_e2019-9-25
_f2021-11-9
_g7
_lCCODEBUL1
_mBUL
_n22
_p46.71
_q8
_r0
_sY
_tBOOK
_u2016-5-17
_xINGENIERIA
_PP25
_0COMPRA
_o.STAFF. Colección Ingeniería y Arquitectura
999 _a624.171 K24
_wDEWEY
_c2
_i72999
_d2019-10-10
_e2019-10-4
_f2021-11-9
_g7
_lCCODEBUL1
_mBUL
_n17
_p46.71
_q5
_r0
_sY
_tBOOK
_u2016-5-17
_xINGENIERIA
_PP25
_0COMPRA
_o.STAFF. Colección Ingeniería y Arquitectura
999 _a624.171 K24
_wDEWEY
_c3
_i73150
_d2019-5-30
_e2019-5-26
_f2021-11-9
_g7
_lCCODEBUL1
_mBUL
_n27
_p46.71
_q2
_r0
_sY
_tBOOK
_u2016-5-17
_xINGENIERIA
_PP25
_0COMPRA
_o.STAFF. Colección Ingeniería y Arquitectura
999 _a624.171 K24
_wDEWEY
_c4
_i74035
_d2019-4-8
_e2018-9-23
_f2021-11-9
_g6
_lCCODEBUL1
_mBUL
_n7
_p59.52
_q3
_r0
_sY
_tBOOK
_u2016-7-14
_xINGENIERIA
_PP25
_0COMPRA
_o.STAFF. Colección General
999 _a624.171 K24
_wDEWEY
_c5
_i79100
_d2019-9-30
_e2019-9-22
_f2021-11-9
_g4
_lCCODEBUL1
_mBUL
_n11
_p48.97
_q1
_r0
_sY
_tBOOK
_u2018-7-10
_xINGENIERIA
_PP25
_0COMPRA
_1FCOMPRA
_o.STAFF. Colección Ingeniería y Arquitectura
999 _a624.171 K24
_wDEWEY
_c6
_i79101
_d2019-11-26
_e2019-11-21
_f2021-11-9
_g4
_lCCODEBUL1
_mBUL
_n16
_p48.97
_q10
_r0
_sY
_tBOOK
_u2018-7-10
_xINGENIERIA
_PP25
_0COMPRA
_1FCOMPRA
_o.STAFF. Colección Ingeniería y Arquitectura
999 _a624.171 K24
_wDEWEY
_c1
_iFJ00415
_d2019-9-17
_e2019-9-13
_f2022-1-26
_g4
_lCCODEBUJ1
_mBUJ
_n18
_p71.50
_q14
_r0
_sY
_tBOOK
_u2016-6-14
_xINGENIERIA
_PP25
_0COMPRA
_o.STAFF. Colección General Juliaca
999 _a624.171 K24 2015
_wDEWEY
_c1
_iFJ06772
_d2019-3-28
_e2019-3-26
_f2022-1-26
_g4
_lCCODEBUJ1
_mBUJ
_n15
_p64.00
_q10
_r0
_sY
_tBOOK
_u2017-2-14
_xINGENIERIA
_PP25
_0COMPRA
_o.STAFF. Colección General Juliaca
999 _a624.171 K24 2015
_wDEWEY
_c2
_iFJ12626
_d2019-11-5
_e2019-11-5
_f2022-1-26
_g3
_lCCODEBUJ1
_mBUJ
_n2
_p48.19
_q4
_r0
_sY
_tBOOK
_u2019-2-8
_xINGENIERIA
_PP25
_0COMPRA
_1FCOMPR2
_o.STAFF. Colección General Juliaca
980 _81
_gALBERTO SANCHEZ Responsable de Automatización